LIBRARY & INFORMATION CENTRE, KCAET, TAVANUR

ONLINE PUBLIC ACCESS CATALOGUE (OPAC)

Heat, Thermodynamics and Statistical Physics (Record no. 19002)

MARC details
000 -LEADER
fixed length control field 00335nam a22001337a 4500
003 - CONTROL NUMBER IDENTIFIER
control field OSt
008 - FIXED-LENGTH DATA ELEMENTS--GENERAL INFORMATION
fixed length control field 250109b |||||||| |||| 00| 0 eng d
041 ## - LANGUAGE CODE
Language code of text/sound track or separate title eng
100 ## - MAIN ENTRY--AUTHOR NAME
Personal name Simghal, SS
245 ## - TITLE STATEMENT
Title Heat, Thermodynamics and Statistical Physics
260 ## - PUBLICATION, DISTRIBUTION, ETC. (IMPRINT)
Name of publisher Pragati Prakashan,
Year of publication 1984.
700 ## - ADDED ENTRY--PERSONAL NAME
Personal name Agarwal, JP
942 ## - ADDED ENTRY ELEMENTS (KOHA)
Koha item type Books
Holdings
Withdrawn status Lost status Damaged status Home library Current library Date acquired Cost, normal purchase price Accession Number Koha item type
Withdrawn     KAUAET KAUAET 09/01/2025 28.50 14732 Books
free website counter